FC Bayern Rückennummerhistorie #20 - Statistiken

Allgemein
  • Dieses Quiz wurde 8 mal gespielt
  • Das Durchschnittsergebnis liegt bei 3 aus 11
Antwortstatistiken
Jahre Spieler % Korrekt
seit 2024/25 Tom Bischof
67%
2020-2024 Bouna Sarr
33%
1998-2007 Hasan Salihamidzic
33%
1996-98 Ruggiero Rizzitelli
33%
2014-2016 Sebastian Rode
33%
1995/96 Andreas Herzog
17%
2024/25 Arijon Ibrahimovic
17%
2016-2018 Felix Götze
17%
2007-2011 Jose Sosa
17%
2012-2014 Patrick Weihrauch
17%
2018/19 Woo-yeong Jeong
17%
Keine übereinstimmenden Quizze gefunden
Verteilung der Resultate
Anzahl Personen mit jedem Resultat
Perzentil nach korrekt beantworteten Fragen
Ihre Resultats-Entwicklung
Sie haben dieses Quiz noch nicht gespielt